000 00282nam a2200097Ia 4500
001 644697
005 20250826153609.0
008 250824s9999 xx 000 0 und d
245 0 _aŞİRİN İŞ BAŞINDA 14 CANKURTARAN BAYRAM HARÇLIĞI
_cBİRSEN EKİM ÖZEN
260 _bTİMAŞ ÇOCUK
999 _c644697
_d644697